000 00467nam a2200181 a 4500
001 6757
003 CO-ViMGA
008 141112s2004 ck r 000 u spa d
040 _aCO-ViMGA
_bspa
_cCO-ViMGA
082 0 4 _a634 F787
245 1 0 _aFruticultura
250 _a2a
260 _aMexico :
_bTrillas,
_c1997
300 _a106 p : il
490 _aManuales para educación agropecuaria. Producción vegetal, 21
650 1 4 _aFRUTICULTURA
_93627
942 _2ddc
_cBK
999 _c18726
_d18726